000 01050nam a22002417a 4500
999 _c65151
_d65151
005 20240530110809.0
008 190115s2008 ua a g 000 0 ara d
017 _a2007/20206
_bمصر. دار الكتب
020 _a9774374746
040 _aEG-CaGPL
_cEG-CaGPL
082 0 4 _221
_a792.028 /
_bد م
100 1 _aديلجادو ، ماريا ام.
245 1 0 _aمسرح فى ازمة :
_bسياسات الاداء لقرن جديد /
_cتحرير ماريا ام. ديلجادو ، وكاريداد سفيتش ؛ ترجمة سومية مظلوم ؛ مراجعة عبدالمعطى شعراوى
250 _aط.1
260 _aالقاهرة :
_bوزارة الثقافة : مهرجان القاهرة الدولى للمسرح التجريبى،
_c2008.
300 _a498 ص. :
_bايض ؛
_c24 سم.
650 0 7 _2qrmak
_aالمسرح
651 _2qrmak
700 0 _aسومية مظلوم
_eمترجم
700 0 _aعبدالمعطى شعراوى
_eمراجع
942 _2ddc
_cBK